Professional Catering (Record no. 17880)
[ view plain ]
| 000 -LEADER | |
|---|---|
| fixed length control field | 00533nam a22001577a 4500 |
| 008 - FIXED-LENGTH DATA ELEMENTS--GENERAL INFORMATION | |
| fixed length control field | 190916b xxu||||| |||| 00| 0 eng d |
| 020 ## - INTERNATIONAL STANDARD BOOK NUMBER | |
| International Standard Book Number | 1133280781 |
| 050 ## - LIBRARY OF CONGRESS CALL NUMBER | |
| Classification number | TX921 |
| Item number | .S55 2014 c.1 |
| 100 ## - MAIN ENTRY--PERSONAL NAME | |
| Personal name | Shiring, Stephen B. |
| 245 ## - TITLE STATEMENT | |
| Title | Professional Catering |
| Remainder of title | The Modern Caterers Complete Guide to Success |
| Statement of responsibility, etc. | Stephen B. Shiring |
| 260 ## - PUBLICATION, DISTRIBUTION, ETC. (IMPRINT) | |
| Place of publication, distribution, etc. | Australia |
| Name of publisher, distributor, etc. | Delmar Cengage Learning |
| Date of publication, distribution, etc. | 2014 |
| 300 ## - PHYSICAL DESCRIPTION | |
| Extent | xix, 428p. |
| 650 ## - SUBJECT ADDED ENTRY--TOPICAL TERM | |
| Topical term or geographic name as entry element | Caterers and Catering |
| Form subdivision | handbooks, Manuals |
| 650 ## - SUBJECT ADDED ENTRY--TOPICAL TERM | |
| Topical term or geographic name as entry element | Caterers and Catering |
| Form subdivision | Management |
| 942 ## - ADDED ENTRY ELEMENTS (KOHA) | |
| Source of classification or shelving scheme | Library of Congress Classification |
| Koha item type | General Collection |
| Withdrawn status | Lost status | Source of classification or shelving scheme | Not for loan | Home library | Current library | Date acquired | Cost, normal purchase price | Total Checkouts | Full call number | Barcode | Date last seen | Price effective from | Koha item type |
|---|---|---|---|---|---|---|---|---|---|---|---|---|---|
| Library of Congress Classification | Kabarak, Main Campus | Kabarak, Main Campus | 16/09/2019 | 9505.00 | TX921 .S55 2014 c.1 | 023599 | 16/09/2019 | 16/09/2019 | General Collection | ||||
| Library of Congress Classification | Kabarak, Main Campus | Kabarak, Main Campus | 16/09/2019 | TX921 .S55 2014 c.2 | 023620 | 16/09/2019 | 16/09/2019 | General Collection | |||||
| Library of Congress Classification | Kabarak, Main Campus | Kabarak, Main Campus | 16/09/2019 | TX921 .S55 2014 c.3 | 023622 | 16/09/2019 | 16/09/2019 | General Collection |